000
00267nam a22001097a 4500
082
_a
623.4519 UNI'D
100
_a
DEFENCE RESARCH & ENGINEERS
_9
80510
245
_a
UNITED STATES GUIDED MISSILES
260
_a
USA
_b
DEFENCE SOCIETY
_c
1960
300
_a
59P
942
_c
BK
999
_c
585435
_d
585435